| 000 | 00734cam a22002291 4500 | ||
|---|---|---|---|
| 001 | gs 28000241 | ||
| 003 | DLC | ||
| 005 | 20260227111332.0 | ||
| 008 | 790117s1928 dcua b 000 0 eng c | ||
| 010 | _ags 28000241 | ||
| 035 | _a(OCoLC)4557759 | ||
| 040 |
_aLibrary, U. S. Geological Survey _cGAT _dOCoLC _dDLC |
||
| 042 | _apremarc | ||
| 050 | 0 | 0 |
_aHC106.3 _b.P35 |
| 100 | 1 | _aPayne, Henry Mace. | |
| 245 | 1 | 0 |
_aNatural resources and national problems, _cby Henry Mace Payne. |
| 260 |
_aWashington, D.C., _bAmerican Mining Congress, _c1928. |
||
| 300 |
_avii, 63 p. _btables. _c20 cm. |
||
| 504 | _aBibliographical references at end of chapters. | ||
| 650 | 0 | _aNatural resources. | |
| 651 | 0 |
_aUnited States _xEconomic conditions. |
|
| 999 |
_c26649 _d26649 |
||